Statistics for City to Country by Letter: D

Click here to take the quiz!

General Stats

  • This quiz has been taken 30 times
  • The average score is 19 of 27

Answer Stats

CityCountry% Correct
DarwinAustralia
93%
DhakaBangladesh
89%
Da NangVietnam
89%
DohaQatar
86%
DenverUnited States
86%
DakarSenegal
82%
DurbanSouth Africa
82%
Dawson CityCanada
79%
DunkirkFrance
79%
DarmstadtGermany
79%
DaeguSouth Korea
79%
DalianChina
75%
DavaoPhilippines
75%
DodomaTanzania
75%
DubrovnikCroatia
71%
DenpasarIndonesia
71%
DushanbeTajikistan
71%
DniproUkraine
71%
DundeeUnited Kingdom
71%
DoualaCameroon
64%
DammamSaudi Arabia
61%
DebrecenHungary
57%
DunedinNew Zealand
57%
DurrësAlbania
46%
DenizliTurkey
43%
Dire DawaEthiopia
25%
DjennéMali
25%

Score Distribution

Percentile by Number Answered

Percent of People with Each Score

Your Score History

You have not taken this quiz